000 00711nam a2200277Ia 4500
005 20260324145848.0
008 008 260324s9999 xx 000 0 eng d
020 _a9780429303555
037 _aEBOOK
040 _aCRL
040 _beng
040 _cCRL
041 _2eng
041 _aeng
084 _qCRL
100 _aArnold A. Heggestad; Arnold A Heggestad Sr Analyst
_91224442
245 0 _aPublic Regulation of Financial Services: Costs and Benefits to Consumers
260 _bTaylor and Francis
260 _c1978
365 _a
365 _b230
856 _uhttp://www.taylorfrancis.com/books/9780429303555
942 _cEBOOK
999 _c1832955
_d1832955